000 00932nam a2200277 a 4500
001 000038769
003 DO-SdBNP
005 20250120103442.0
007 ta
008 130422s2001 dr a 000 0 spa d
040 _aDO-SdBNP
_bspa
_cBNPHU
_erda
082 _a307.76097293
_bC958f
_222
100 1 _aCruz Infante, José Abigail
_eautor
_92460
245 1 0 _aFragancias del recuerdo :
_bLa Moca del ayer /
_cJosé Abigaíl Cruz Infante.
264 _aSanto Domingo :
_bStanley Gráficas & Asocs. ,
_c2001.
300 _a188 páginas :
_bilustraciones ;
_c23 cm.
336 _ardacontent
_btecto
_2txt
337 _ardamedia
_bsin mediación
_2n
338 _ardacarrier
_bvolumen
_2nc
590 _aInventariado, 2025/DG
650 4 _aCiudades y pueblos
_zRepública Dominicana
_9784
650 4 _aEnsayos dominicanos
650 4 _aMoca (República Dominicana)
_xDescripciones y viajes
_986898
910 _aDG
942 _2ddc
_cLBS1
999 _c38259
_d38259